Financial optimization (Record no. 183739)

MARC details
000 -LEADER
fixed length control field 00596nam a2200205Ia 4500
008 - FIXED-LENGTH DATA ELEMENTS--GENERAL INFORMATION
fixed length control field 191130s1996##################000#0#eng##
020 ## - INTERNATIONAL STANDARD BOOK NUMBER
ISBN 9780521577779
082 ## - DEWEY DECIMAL CLASSIFICATION NUMBER
Classification number 332.024015198 ZEN
100 ## - MAIN ENTRY--AUTHOR NAME
Personal name Zenios, Stavros A
245 ## - TITLE STATEMENT
Title Financial optimization
Statement of responsibility, etc Stavros A Zenios
260 ## - PUBLICATION, DISTRIBUTION, ETC. (IMPRINT)
Place of publication Cambridge
Name of publisher Cambridge University Press
Year of publication 1996
300 ## - PHYSICAL DESCRIPTION
Number of Pages 240 p. ; 23 cm
500 ## - GENERAL NOTE
General note Includes index
650 ## - SUBJECT ADDED ENTRY--TOPICAL TERM
Topical Term Finance -- Mathematical models
Topical Term Mathematical optimization
991 ## -
-- 404337
Holdings
Withdrawn status Lost status Damaged status Not for loan Home library Current library Shelving location Date acquired Full call number Accession Number Price effective from Koha item type
        Anna Centenary Library Anna Centenary Library 4TH FLOOR, A WING 13.10.2020 332.024015198 ZEN 248123 13.10.2020 English Books

Find us on the map